Kirby Star Allies Dream Friends - Statistics

General Stats
  • This quiz has been taken 139 times
  • The average score is 12 of 13
Answer Stats
Origin Game Dream Freind % Correct
Dream Land King Dedede
99%
Adventure Meta Knight
94%
Super Star/Dream Land Bandana Waddle Dee
93%
Super Star Marx
93%
Planet Robobot Susie
92%
Amazing Mirror Dark Meta Knight
91%
Dream Land 2 Rick & Kine & Coo
90%
Dream Land 3 Gooey
89%
Return To Dream Land Magolor
89%
Squeak Squad Daroach
86%
Star Allies The Three Mage-Sisters
86%
64 Adeleine & Ribbon
84%
Triple Deluxe Taranza
83%
No matching quizzes found
Score Distribution
Percent of People with Each Score
Percentile by Number Answered
Your Score History
You have not taken this quiz